000 00882cab a2200253 4500
001 WB3338-30
008 090401t1997 xxu||||| |||| 00| 0 eng d
035 _a(Sirsi) u81143
041 _aeng
245 _aGases threaten house prices
260 _c1997
350 _a0
490 _aSunday Times
_v28 September 1997, 1(1)
520 _aThe British Geological Survey is introducing the Address-Linked Geological Inventory (Algi) which gauges susceptibility of property to underground gases. The service will be able to target more precisely, for insurers and homeowners, property with likely problems. Contact for details.
650 _aADDRESS LINKED GEOLOGICAL INVENTORY
650 _aALGI
650 _aBRITISH GEOLOGICAL SURVEY
650 _aLANDFILL SITES
650 _aMETHANE GAS
650 _aRADON
690 _aLAND
942 _n0
948 _c30/09/1997
999 _c51131
_d51131